Guess the Countries by Unknown Category #10 - Statistics

General Stats
  • This quiz has been taken 1,603 times
  • The average score is 13 of 21
Answer Stats
GDP Country % Correct
52,800 United States
97%
43,100 Canada
90%
39,500 Germany
81%
43,000 Australia
76%
40,900 Sweden
73%
55,400 Norway
72%
46,000 Switzerland
63%
41,100 Netherlands
62%
40,700 Iceland
61%
41,300 Ireland
61%
37,800 Belgium
60%
42,600 Austria
59%
77,900 Luxembourg
59%
65,500 Monaco
58%
89,400 Liechtenstein
55%
64,200 Singapore
52%
102,000 Qatar
50%
CATEGORY: GDP per Capita
41%
42,100 Kuwait
40%
39,600 Taiwan
36%
54,800 Brunei
33%
No matching quizzes found
Score Distribution
Percent of People with Each Score
Percentile by Number Answered
Your Score History
You have not taken this quiz